| 000 | 00608nam a22001937a 4500 | ||
|---|---|---|---|
| 003 | OSt | ||
| 005 | 20130510134559.0 | ||
| 008 | 130510s2000 sp ||||| |||| 00| 0 spa d | ||
| 020 | _a8474328020 | ||
| 040 | _cCDMR | ||
| 100 | 1 |
_93408 _aGarcía Galera, Mª del Carmen |
|
| 245 | 1 |
_aTelevisión, violencia e infancia _b: el impacto de los medios _cMª del Carmen García Galera |
|
| 260 |
_aBarcelona _bGedisa _c2000 |
||
| 300 | _a222 p. | ||
| 490 | 0 |
_aEstudios de Televisión _v6 |
|
| 650 | 0 | 4 |
_92772 _aViolència en els mitjans de comunicació de massa |
| 650 | 0 | 4 |
_92508 _aTelevisió i infants |
| 942 |
_2udc _cMON |
||
| 999 |
_c6224 _d6224 |
||